Responses for Show #3500 - Friday, November 19, 1999

1999-B Celebrity Jeopardy! game 5.
From the Theater at Madison Square Garden, New York City.

Contestants

[<< previous game]

Sandy Duncan, from the Broadway musical Chicago

Peter Krause, from Sports Night

Andrea McArdle, from the Broadway musical Beauty and the Beast

[next game >>]

Jeopardy! Round responses

I LOVE NEW YORK
COLOR MY WORLD
HISTORIC AMERICAN FACES
TV STUPID ANSWERS
HAIL & FAREWELL: 1999 OBITS
(Alex: Obituaries.)
ABBREV.
    $100 1
subway

Sandy
    $100 12
Black belt

Andrea
    $100 17
Ben Franklin

Andrea
    $100 3
(Alex: Remember, the category is TV STUPID ANSWERS.)

Laramie

Triple Stumper
    $100 15
(Alex: And we have less than a minute to go.)

Joe DiMaggio

Andrea
    $100 8
(Sandy: What is the Air Force, you know?)

Royal Air Force

PeterSandy
    $200 2
"Pffft!" (or any other reasonable response)

Peter
    $200 13
White Christmas

Peter
    $200 4
Match Game '74

Andrea
    $200 16
Gene Siskel

Peter
    $500 5
(Andrea: What is Times Square?... I'll never be able to go home again!)

Broadway

Andrea
    $300 14
Green Giant

Peter
    $300 7
Her father

Peter
    $300 20
(Andrea: Who is Scotty?)
[The end-of-round signal sounds.]

"Bones" McCoy

AndreaPeter
    $400 6
[Audience cheering]
(Alex: Obviously, we have some Mets fans in the audience!)

New York Mets

Peter
    $400 18
(Andrea: What is tabloid?)
(Sandy: What is exploitation?)

Yellow journalism

AndreaSandy
Triple Stumper
    $400 10
Bob

Peter
    $500 9
(Peter: Who is Neil Armstrong?)

John Glenn

Peter
Triple Stumper
    $500 19
Arnold "Red" Auerbach

Triple Stumper
    $500 11
E.T. the Extra-Terrestrial

Andrea

Scores at the first commercial break (after clue 10):

Andrea Peter Sandy
-$300 $900 $0

Scores at the end of the Jeopardy! Round:

Andrea Peter Sandy
-$200 $1,900 -$400

Double Jeopardy! Round responses

BIG RIVER
HOW TO SUCCEED IN BUSINESS
ART
(Alex: We want you to name the painter in this category.)
GRAND HOTEL
CHORUS LINES
OLIVIER!
    $400 6
(Andrea: What is the Maxim?)
(Sandy: What is the Mirage?)

Bellagio

AndreaPeterSandy
    $1,000 10
Leiber & Stoller

Andrea
    $400 4
Lord Olivier

Peter
    $600 11
Raider

Peter
    $2,000 5
Andy Warhol

Peter
    $600 9
(Sandy: What is [**]?)
[Initially ruled incorrect]
...
(Alex: [Later on in the round] Sandy, since the clue said "Its chorus", [**] is also an acceptable response.)

"Don't Cry For Me Argentina" (or Evita)

AndreaSandy
    $600 2
(Sandy: What is... no?)

Spartacus

PeterSandy
    $800 3
Pablo Picasso

Peter
    $800 16
(Andrea: What is the Westin?)
[The end-of-round signal sounds.]

Four Seasons

AndreaPeter
    $800 8
"Eight Days A Week"

Andrea
    $800 7
(1 of) Jill Esmond, Vivien Leigh or Joan Plowright

Sandy
    $1000 14
Aristotle Onassis

Sandy
    $1000 12
Claude Monet

Peter
    $1000 15
(Sandy: What is Milwaukee?)

Philadelphia

AndreaSandy
    $1000 1
A candle in the wind

Peter
    $1000 13
(Andrea: What is Jane Eyre?)
(Peter: What is Wuthering Heights?)
...
(Alex: We have less than a minute to go.)

Pride and Prejudice

AndreaPeter
Triple Stumper

Scores at the end of the Double Jeopardy! Round:

Andrea Peter Sandy
$1,000 $8,500 $0
(lock game)

[wagering suggestions for these scores]

Final Jeopardy! Round responses

THE PLANETS
[Sandy was given $1,000 to play Final Jeopardy!]
SandyWhat is Earth
$1,000
AndreaWhat is the
$1,000
PeterWhat is Jupiter?
$8,500
Jupiter

Final scores:

Andrea Peter Sandy
$0 $17,000 $0
2nd place: $10,000 for Broadway Cares/Equity Fights AIDS Winner: $17,000 for the Susan G. Komen Breast Cancer Foundation 3rd place: $10,000 for Broadway Cares/Equity Fights AIDS

Game dynamics:

Coryat scores:

Andrea Peter Sandy
$900 $7,100 $0
9 R
(including 1 DD),
6 W
(including 1 DD)
18 R
(including 1 DD),
2 W
4 R,
5 W

Combined Coryat: $8,000

[game clues] [game scores] [suggest correction]

Game tape date: 1999-10-08
The J! Archive is created by fans, for fans. Scraping, republication, monetization, and malicious use prohibited; this site may use cookies and collect identifying information. See terms. The Jeopardy! game show and all elements thereof, including but not limited to copyright and trademark thereto, are the property of Jeopardy Productions, Inc. and are protected under law. This website is not affiliated with, sponsored by, or operated by Jeopardy Productions, Inc. Join the discussion at JBoard.tv.